000 00559nam a22001217a 4500
008 110622t xxu||||| |||| 00| 0 eng d
010 _aCACA F-48
245 _aCourt of Appeal Civil Appeal No.5 of 1981.Associate Architects vs Nazziwa Christine & ors
260 _c1981
500 _aCoram: Musoke, P. , Lubogo, V-P. ; Nyamuchoncho J.A.
500 _aAppeal from an order of High Court of Uganda, at Kampala Katinti, J. dated 4th May 1981 H.C.C.S. 360 of 1980
999 _c3675
_d3675